US States with the Most High Mountains - Statistics

General Stats
  • This quiz has been taken 130 times
  • The average score is 11 of 12
Answer Stats
Highest Mountain Rank # in Top 200 Answer % Correct
14 88 Colorado
98%
1 49 Alaska
96%
11 22 California
95%
117 3 Montana
93%
76 5 Utah
90%
108 4 Nevada
89%
17 2 Washington
89%
125 2 Idaho
88%
98 (Tied) 8 New Mexico
87%
57 14 Wyoming
86%
129 1 Arizona
84%
59 2 Hawaii
82%
No matching quizzes found
Score Distribution
Percent of People with Each Score
Percentile by Number Answered
Your Score History
You have not taken this quiz